Name Countries Without a Map - Statistics

General Stats
  • This quiz has been taken 21 times
  • The average score is 184 of 196
Answer Stats
Answer % Correct
Afghanistan
100%
Algeria
100%
Angola
100%
Armenia
100%
Bahamas
100%
Barbados
100%
Belarus
100%
Bolivia
100%
Canada
100%
Chad
100%
China
100%
Comoros
100%
Croatia
100%
Cyprus
100%
Czech Republic
100%
Denmark
100%
Dominica
100%
Dominican Republic
100%
Ecuador
100%
Eritrea
100%
Estonia
100%
Eswatini
100%
Federated States of Micronesia
100%
Fiji
100%
France
100%
Gambia
100%
Georgia
100%
Germany
100%
Greece
100%
Guatemala
100%
Haiti
100%
Hungary
100%
Israel
100%
Jamaica
100%
Jordan
100%
Kenya
100%
Kuwait
100%
Latvia
100%
Lebanon
100%
Libya
100%
Liechtenstein
100%
Lithuania
100%
Luxembourg
100%
Mexico
100%
Morocco
100%
Netherlands
100%
New Zealand
100%
North Korea
100%
Oman
100%
Pakistan
100%
Peru
100%
Poland
100%
Portugal
100%
Rwanda
100%
Saudi Arabia
100%
Solomon Islands
100%
South Korea
100%
Suriname
100%
Sweden
100%
Switzerland
100%
Syria
100%
Togo
100%
Tonga
100%
Tunisia
100%
Turkey
100%
Uganda
100%
United States
100%
Vietnam
100%
Yemen
100%
Albania
93%
Andorra
93%
Antigua and Barbuda
93%
Argentina
93%
Australia
93%
Bangladesh
93%
Belgium
93%
Botswana
93%
Brunei
93%
Burkina Faso
93%
Cambodia
93%
Cameroon
93%
Chile
93%
Cuba
93%
Democratic Republic of the Congo
93%
Egypt
93%
El Salvador
93%
Ethiopia
93%
Finland
93%
Gabon
93%
Ghana
93%
Honduras
93%
Iceland
93%
India
93%
Indonesia
93%
Iran
93%
Iraq
93%
Ireland
93%
Italy
93%
Ivory Coast
93%
Japan
93%
Kazakhstan
93%
Laos
93%
Lesotho
93%
Madagascar
93%
Malawi
93%
Malaysia
93%
Maldives
93%
Mali
93%
Malta
93%
Marshall Islands
93%
Mauritania
93%
Mongolia
93%
Mozambique
93%
Namibia
93%
Nauru
93%
Nicaragua
93%
Niger
93%
Nigeria
93%
North Macedonia
93%
Norway
93%
Panama
93%
Paraguay
93%
Philippines
93%
Qatar
93%
Republic of the Congo
93%
Romania
93%
Russia
93%
Saint Kitts and Nevis
93%
Saint Lucia
93%
Saint Vincent and the Grenadines
93%
Samoa
93%
Senegal
93%
Serbia
93%
Seychelles
93%
Sierra Leone
93%
Singapore
93%
Slovakia
93%
Slovenia
93%
Somalia
93%
South Africa
93%
Spain
93%
Sudan
93%
Tanzania
93%
Thailand
93%
Turkmenistan
93%
Ukraine
93%
United Arab Emirates
93%
United Kingdom
93%
Uruguay
93%
Uzbekistan
93%
Vatican City
93%
Venezuela
93%
Zambia
93%
Zimbabwe
93%
Austria
87%
Azerbaijan
87%
Bahrain
87%
Belize
87%
Benin
87%
Bhutan
87%
Bosnia and Herzegovina
87%
Brazil
87%
Bulgaria
87%
Burundi
87%
Cape Verde
87%
Colombia
87%
Costa Rica
87%
Central African Republic
87%
São Tomé and Príncipe
87%
Djibouti
87%
Equatorial Guinea
87%
Grenada
87%
Guinea
87%
Guinea-Bissau
87%
Guyana
87%
Kiribati
87%
Kosovo
87%
Liberia
87%
Mauritius
87%
Monaco
87%
Myanmar
87%
Nepal
87%
Palau
87%
Papua New Guinea
87%
South Sudan
87%
Sri Lanka
87%
Taiwan
87%
Tajikistan
87%
Trinidad and Tobago
87%
Tuvalu
87%
Vanuatu
87%
East Timor
80%
Kyrgyzstan
80%
Moldova
80%
Montenegro
80%
San Marino
80%
No matching quizzes found
Score Distribution
Percent of People with Each Score
Percentile by Number Answered
Your Score History
You have not taken this quiz